000 00266 a2200109 4500
001 38412
090 _c24398
_d24398
100 _aEasterling K
245 _aIntroduction the physical metallurgy of welding, 2/e
250 _a2
260 _aG Br
_bButter worth Heinemann
_c1992
942 _aNUST-CAE
999 _c273485
_d273485